| 000 | 00829nam a2200241 i 4500 | ||
|---|---|---|---|
| 001 | 148503 | ||
| 003 | ES-MaACL | ||
| 005 | 20240128062949.0 | ||
| 007 | t| | ||
| 008 | 070214s1981 mx r ||||1| spa d | ||
| 100 | 1 |
_aSteiner, George, _d1929-2020 _9108052 |
|
| 245 | 1 | 0 |
_aDespués de Babel _b: aspectos del lenguaje y la ilustración / _cGeorge Steiner ; traducción de Adolfo Castañón. |
| 250 | _a1ª. ed. reimp. | ||
| 260 |
_aMéxico : _bFondo de Cultura Económica, _c1981. |
||
| 300 |
_a583 p. ; _c21 cm. |
||
| 490 | 1 | _aSección de lengua y estudios literarios | |
| 650 | 4 |
_aLenguaje. _914341 |
|
| 650 | 4 |
_aTraducción. _917608 |
|
| 700 | 1 |
_aCastañón, Adolfo. _936440 |
|
| 830 | 0 |
_aSección de lengua y estudios literarios _9187512 |
|
| 852 |
_aES-MaACL _jL-3147 _bR.103628 |
||
| 999 |
_c148503 _d148503 |
||